000
00337nam a2200133Ia 4500
008
240624s9999 xx 000 0 und d
041
_a
eng
082
_a
519.8 SIN
100
_a
SINGH Y KIRANI
245
_a
MATLAB PROGRAMMING
260
_c
2007
_a
New Delhi
_b
Prentice-Hall of India
300
_a
xvii, : 370 : p. : cm. ; 25
365
_c
RS
999
_c
5638
_d
5638